| 000 | 00621nam a2200181 i 4500 | ||
|---|---|---|---|
| 001 | 58267 | ||
| 003 | ES-MaACL | ||
| 005 | 20230906163749.0 | ||
| 007 | t| | ||
| 008 | 031021s1967 sp ||||1| spa d | ||
| 100 | 1 |
_aDuesenberry, James S. _945884 |
|
| 245 | 1 | 3 |
_aLa renta, el ahorro y la teoría del comportamiento de los consumidores / _cJames S. Duesenberry ; versión de Julio Cerón Ayuso ; revisada por José Vergara. |
| 260 |
_a[Madrid] : _bAlianza, _c[1967] |
||
| 300 |
_a190 p. ; _c24 cm. |
||
| 700 | 1 |
_aCerón Ayuso, Julio. _937547 |
|
| 700 | 1 |
_aVergara, José. _9114083 |
|
| 852 |
_aES-MaACL _jC-33019 _bR.63560 |
||
| 999 |
_c58267 _d58267 |
||